| 000 | 00544nam a2200181Ia 4500 | ||
|---|---|---|---|
| 999 |
_c14047 _d14047 |
||
| 003 | OSt | ||
| 005 | 20201020100143.0 | ||
| 008 | 190216s9999||||xx |||||||||||||| ||und|| | ||
| 020 | _a8185614474 | ||
| 040 | _coclc | ||
| 082 |
_a658.4 _bKHA/F |
||
| 100 |
_aKhandwalla, Pradip N _95949 |
||
| 245 | 0 |
_aFourth Eye : _bExcellence Through Creativity / _cPradip N Khandwalla |
|
| 260 |
_bWheeler Publishing, _c1988. _aNew Delhi: |
||
| 300 | _a420p | ||
| 650 | _aEnglish General | ||
| 942 |
_cBK _2ddc _h658.4 _iKHA/F _k658.4 _mKHA/F |
||